| 000 | 00417nam a2200157 a 4500 | ||
|---|---|---|---|
| 005 | 20140414132055.0 | ||
| 008 | 100520s19uu xx 00 eng d | ||
| 050 |
_aREF 967.51 _bK87 2000 |
||
| 100 | _aKushner, Nina | ||
| 245 | _aDemocratic Republic of the Congo. | ||
| 260 |
_aMilwaukee, WI : _bGareth Stevens, _c2000. |
||
| 440 | _aCountries of the world | ||
| 650 | _aCongo | ||
| 999 |
_c114301 _d114301 |
||